Návrh racionalizácie obstarávania a skladovania zásob v podniku Bekaert Slovakia, s.r.o.

Guardado en:
Detalles Bibliográficos
Autor principal: Svitek, Ľubomír (Autor)
Otros Autores: Bestvinová, Viera (Orientador)
Formato: Manuscrito Libro
Lenguaje:eslovaco
Publicado: 2018
Materias:
Acceso en línea:http://is.stuba.sk/zp/portal_zp.pl?podrobnosti=127120
Etiquetas: Agregar Etiqueta
Sin Etiquetas, Sea el primero en etiquetar este registro!

MARC

LEADER 00000ntm a22000003a 4500
001 stuzp62684
003 SK-STU
005 20180820151831.2
007 ta
008 150427s2015----xo-----f-mn---000-0-slo-d
040 |a STU  |b slo 
041 0 |a slo 
100 1 |a Svitek, Ľubomír  |u 064000  |4 aut  |U MTF Materiálovotechnologická fakulta  |T MTF Ústav priemyselného inžinierstva a manažmentu  |X 48450  |U M4000  |Y 84  |7 48450 
242 0 1 |a Proposal for rationalization of the inventory procurement and storage at Bekaert Slovakia, Ltd.  |y eng 
245 1 0 |a Návrh racionalizácie obstarávania a skladovania zásob v podniku Bekaert Slovakia, s.r.o. 
260 |c 2018 
650 4 |a storage  |2 eng 
650 4 |a supplier  |2 eng 
650 4 |a supply  |2 eng 
650 4 |a procurement  |2 eng 
650 4 |a dodávateľ  |2 slo 
650 4 |a skladovanie  |2 slo 
650 4 |a obstarávanie  |2 slo 
650 4 |a zásoba  |2 slo 
700 1 |a Bestvinová, Viera  |u 064000  |k Z1  |4 ths  |U MTF Materiálovotechnologická fakulta  |T MTF Ústav priemyselného inžinierstva a manažmentu  |X 1541  |U M4000  |Y 84  |7 A000001541 
856 4 |u http://is.stuba.sk/zp/portal_zp.pl?podrobnosti=127120 
996 |c M* DP-13784  |l MMSKP  |s P  |a 0  |w stuzp62684_0001